| 000 | 00454nam a22001817a 4500 | ||
|---|---|---|---|
| 003 | MPLRDC | ||
| 005 | 20220104142341.0 | ||
| 008 | 210129b ||||| |||| 00| 0 eng d | ||
| 020 | _a978-7-5063-5200-0 | ||
| 082 | _a857.75 TXBC-7 | ||
| 100 | _a天下霸唱 | ||
| 245 |
_a死亡循环 _c |
||
| 250 | _a一版二刷 | ||
| 260 |
_a中国 _b作家出版社 _c2010 |
||
| 300 | _b301 | ||
| 650 | _a中国文学--长篇小说 | ||
| 942 |
_cBK _o857.75 TXBC-7 |
||
| 999 |
_c30112 _d30102 |
||